000 00416nam a2200169Ia 4500
005 20251121142515.0
008 230125s9999 xx 000 0 und d
041 _aeng
082 _a158.1
_bCAR
100 _aCarnegie D
245 _aHow to Stop Worrying and Start Living
260 _c2004
_bMini Book Pub.
_aMeerut
300 _a75p
500 _aPersonality Development
700 _aCarnegie D
942 _cDB
999 _c91886
_d91886